00937nam a22002657a 45000010005000000030006000050050017000110080041000280200015000690400023000840500015001070820011001221000035001332450080001682500041002482600031002893000040003205050007003605200189003675210018005565210018005746500022005926500023006147000034006377851FISKH20250812093601.0250812b cb ||||| |||| 00| 0 eng d a0671867903 aDLCcDLCdDLCbeng aPZ7.K833 D a813.541 aKoller, Jackie Frenchd(1948-)14aThe dragonling /cBy Jackie French Koller ; Illustrated by Judith Mitchell. aThis edition first published in 1990 aBoston :bMinstrel,c1990. a60 pages :billustrations ;c20 cm. aP  aFinding a baby dragon accidentally left alive after his older brother's dragonquest, Darek risks death and the anger of his people in trying to return it to the Valley of the Dragons. 8 a640 bLexile 8 aP bRaz-Plus  1aDragonsxFiction. 1aFantasy.2Juvenile1 aMitchell, Juditheillustrator